| 000 | 00887nmm a2200277 a 4500 | ||
|---|---|---|---|
| 001 | ocm0001916946 | ||
| 003 | TR-IsHL | ||
| 005 | 20201028174227.0 | ||
| 008 | 180918s2014 tu tur | ||
| 007 | cr cn | ||
| 020 | _a9786054182367 | ||
| 035 |
_a1916946 _b(N$T) |
||
| 050 | 0 | 4 |
_aPL248.M87 _bP3 2014 |
| 090 | 0 | 4 |
_aPL248.M87 _bP3 2014 |
| 100 | 1 | _aMursaloğlu, İpek | |
| 245 | 1 | 0 |
_aPamuk prensesten sonra: ayna ayna söyle bana _h[electronic resource] / _cİpek Mursaloğlu |
| 250 | _a1. Baskı | ||
| 260 |
_aİstanbul : _bŞira Yayınları, _c2014 |
||
| 300 | _a176 p. | ||
| 650 | 4 | _aDil ve Edebiyat | |
| 650 | 4 | _aLanguage and Literature | |
| 650 | 0 | _aTürk romanı | |
| 650 | 0 | _aTurkish fiction | |
| 650 | 7 |
_a LITERARY COLLECTIONS / Middle Eastern _2bisacsh |
|
| 856 | 4 | 0 | _uhttp://search.ebscohost.com/login.aspx?direct=true&scope=site&db=e011xww&AN=1916946 |
| 999 |
_c18039 _d18039 |
||